00466nam a22001692 4500001001100000005001700011008004100028020001700069040001500086245004100101250001300142260003100155300001800186650003900204650005000243852000300293000001856320151021153051.0100210s xx 000 0 eng d a0199229741 : aKABUcKABU12aA Dictionary of finance and banking. a4th ed. aOxford :bO. U. P.,c2008. aviii, 472 p. 0aFinancevDictionaries.@0000151840 0aBanks and banking vDictionaries.@00001524181